00468nam a2200193 a 4500001001300000003000900013005001700022008004100039020001000080082001600090100001600106245002100122260003900143300000900182500003500191505001000226650002200236700001600258nice12345678IN_TiNIC20260116011335.0050524s1912 alla grp 000 0 eng  ac10000a297.63bASG aAsghar, G A aLife of Mohammad aAllahbadbG.A.Asghar and Co.c1912 a232p aincludes index and biblioraphy2 aIndex aMuhammad, Prophet1 aAsghar, G A